|
|
|
|
| LEADER |
01363nam a2200301 a 4500 |
| 001 |
c000372088 |
| 003 |
CARM |
| 005 |
00000000000000.0 |
| 008 |
871209s1935 ag 00010 spa d |
| 019 |
1 |
|
|a 4660854
|5 LACONCORD2021
|
| 035 |
|
|
|a (OCoLC)13542365
|5 LACONCORD2021
|
| 040 |
|
|
|a NUN
|c NUN
|
| 100 |
2 |
|
|a Sáenz Peña, Roque,
|d 1851-1914.
|
| 245 |
1 |
0 |
|a Escritos y discursos /
|c Roque Sáenz Peña ; compilados por Ricardo Olivera.
|
| 260 |
|
|
|a Buenos Aires :
|b Jacobo Peuser,
|c 1935.
|
| 300 |
|
|
|a 3 v.
|
| 505 |
0 |
|
|a t. 1. Actuación internacional 1868-1910 -- t. 2. La presidencia -- t. 3. La actuación nacional.
|
| 650 |
|
0 |
|a International relations.
|
| 651 |
|
0 |
|a Argentina
|x Politics and government
|y 1860-1910.
|
| 651 |
|
0 |
|a Argentina
|x Foreign relations.
|
| 700 |
1 |
|
|a Olivera, Ricardo.
|
| 852 |
8 |
|
|b CARM
|h A1:AO03B0
|i C09471
|p 0359728
|f BK
|
| 852 |
8 |
|
|b CARM
|h A1:AO03B0
|i C09471
|p 0359727
|f BK
|
| 852 |
8 |
|
|b CARM
|h A1:AO03B0
|i C09470
|p 0359753
|f BK
|
| 999 |
f |
f |
|i b0260d0d-0933-52d2-a3e1-b5fe0e74bd3d
|s 5512d0bd-8c9d-5872-97ea-68c9ea0308cf
|
| 952 |
f |
f |
|p Can circulate
|a CAVAL
|b CAVAL
|c CAVAL
|d CARM 1 Store
|e C09471
|f A1:AO03B0
|h Other scheme
|i book
|m 0359727
|
| 952 |
f |
f |
|p Can circulate
|a CAVAL
|b CAVAL
|c CAVAL
|d CARM 1 Store
|e C09470
|f A1:AO03B0
|h Other scheme
|i book
|m 0359753
|
| 952 |
f |
f |
|p Can circulate
|a CAVAL
|b CAVAL
|c CAVAL
|d CARM 1 Store
|e C09471
|f A1:AO03B0
|h Other scheme
|i book
|m 0359728
|